| 000 | 01528cam a22003977a 4500 | ||
|---|---|---|---|
| 001 | 16205032 | ||
| 003 | PILC | ||
| 005 | 20160404134405.0 | ||
| 008 | 100427s2010 nyua 001 0 eng d | ||
| 010 | _a 2010927624 | ||
| 020 | _a9781603201278 | ||
| 020 | _a1603201270 | ||
| 028 | 5 | 1 |
_a438432 _bLife Books |
| 035 | _a(OCoLC)ocn606759613 | ||
| 040 |
_aBTCTA _beng _cBTCTA _dBKL _dOJ4 _dORX _dQBX _dABG _dYDXCP _dVP@ _dDLC |
||
| 042 | _alccopycat | ||
| 050 | 0 | 0 |
_aTR 267 _b.M396 2010 |
| 082 | 0 | 4 | _a775 |
| 100 | 1 |
_aMcNally, Joe, _d1952- |
|
| 245 | 1 | 4 |
_aThe Life guide to digital photography : _beverything you need to shoot like the pros / _cby Joe McNally ; foreword by John Loengard. |
| 246 | 3 | 0 | _aGuide to digital photography |
| 246 | 3 | 0 | _aDigital photography |
| 260 |
_aNew York, N.Y. : _bLife Books, _c2010. |
||
| 300 |
_a256 pages : _billustrations (chiefly color) ; _c24 cm. |
||
| 500 | _aIncludes index. | ||
| 650 | 0 |
_aPhotography _xDigital techniques. |
|
| 650 | 0 | _aDigital cameras. | |
| 650 | 0 |
_aImage processing _xDigital techniques. |
|
| 700 | 1 |
_aLoengard, John, _eauthor of introduction, etc. |
|
| 710 | 2 | _aLife Books (Firm). | |
| 856 | 4 | 2 |
_3Contributor biographical information _uhttp://www.loc.gov/catdir/enhancements/fy1114/2010927624-b.html |
| 856 | 4 | 2 |
_3Publisher description _uhttp://www.loc.gov/catdir/enhancements/fy1114/2010927624-d.html |
| 906 |
_a7 _bcbc _ccopycat _d2 _encip _f20 _gy-gencatlg |
||
| 942 |
_2lcc _cBK |
||
| 999 |
_c293348 _d293348 |
||